=LDR 00000nam 2200000 4500 =001 INLIS000000000047307 =005 20151008105853.0 =006 =007 =008 =020 ##$$a 979-691-213-9 =035 ##$$0010-101500000000018 =040 ##$$a ind =082 ##$$a 657.48 =090 ##$$a 657.48 $b Hal =100 ##$$a Halim =245 ##$$a Akuntansi Keuangan Daerah =250 ##$$a ed. Rev =260 ##$$a Jakarta $b Salemba $c 2002 =300 ##$$a234 hlmn $b 20 cm =850 ##$$a NBPDMAT =990 ##$$a 0001/BPAP-NTB/2015